Bradla u Hajtovky a Údola

Bibliographic Details
Main Author: Vítek, Jan (Author)
Format: Article
Language:Slovak
Czech
PhysicalDescription:Obr. 6.
Subjects:

MARC

LEADER 00000nab a2200000 a 4500
001 vtls000291418
003 SK-MaSNL
005 20260304062007.0
008 250422c1987 xo 0 slo
015 |a SNBRB19rr/mm-uuuuu 
035 |a CL0301537 
035 |a urn:nbn:sk:snk-ab2uzn 
035 |a (urnnbn)urn:nbn:sk:snk:ar-a02zeg 
035 |a (uuid)a4c5e3ee-c097-4a46-8329-b76d41c9a807 
040 |a SNKBUCL  |b slo  |c SNKBUCL  |e AACR2 
041 0 |a cze 
044 |a xo  |c SK 
080 |a 908.437.6  |2 1981 
080 |a 796.5  |2 2011 
080 |a 551.435.4  |2 2001 
100 1 |a Vítek, Jan  |4 aut  |9 280265 
245 1 0 |a Bradla u Hajtovky a Údola  |c Jan Vítek 
300 |b Obr. 6. 
650 0 7 |a turistika  |2 SNKPH  |9 683 
650 0 7 |a skaly  |2 SNKPH  |9 73945 
651 7 |a Hajtovka (Slovensko)  |2 snkbucl  |9 59211 
651 7 |a Údol (Slovensko)  |2 snkbucl  |9 59217 
655 7 |a články z novín a časopisov  |2 snkbucl  |9 267496 
773 0 |t Krásy Slovenska  |g Roč. 64, č. 9 (1987), s. 8-9 
850 |a Slovenská národná knižnica 
852 |a Slovenská národná knižnica 
954 |a odborná, vedecká literatúra cudzojazyčná (svetová)  |2 lita 
954 |a odborná, vedecká literatúra pôvodná (slovenská)  |2 lita 
958 |a article27 
958 |a OND 
958 |a RK 
958 |a EUIPO 
992 |a RBX 
999 |c 2736017  |d 2737947